[Event "Mittelfr. EM - Qualifikationsturnier"]
[Site "Büchenbach"]
[Date "2011.04.20"]
[Round "1.1"]
[White "Bildt, Thomas"]
[Black "Gajewski, Richard"]
[Result "1-0"]
[WhiteElo "1996"]
[BlackElo "1711"]
[PlyCount "115"]
[EventDate "2011.??.??"]
[WhiteTeam "SK Zirndorf e.V."]
[BlackTeam "FC Gunzenhausen 1910 e.V"]

1. e4 {[%emt 0:00:00]} e6 2. d4 b6 3. c4 Bb7 4. Nc3 Bb4 5. Qc2 Qh4 6. Bd3 f5 7.
Nf3 Qg4 8. O-O Bxc3 9. h3 Qh5 10. bxc3 Nf6 11. Nd2 g5 12. exf5 g4 13. Be2 Rg8
14. d5 Qh4 15. g3 Qxh3 16. Ne4 Kf7 17. Ng5+ Rxg5 18. fxe6+ dxe6 19. Bxg5 Nbd7
20. Bxf6 Nxf6 21. Rfe1 exd5 22. Bf1 Qh5 23. Bg2 Rd8 24. Qe2 Re8 25. Qd2 Rd8 26.
Qe3 Re8 27. Qf4 Rd8 28. Qxc7+ Rd7 29. Qf4 Kg6 30. Re5 Qh6 31. Qf5+ Kg7 32. Rae1
Rf7 33. Re7 Qg6 34. Qe6 Ne4 35. Rxf7+ Qxf7 36. Qxg4+ Kf8 37. Qf3 Qxf3 38. Bxf3
Nxc3 39. Rc1 d4 40. Kg2 Ba6 41. Bd5 Bc8 42. Rc2 Bf5 43. Rd2 d3 44. Bf3 Ke7 45.
g4 Bg6 46. Bd1 Kf6 47. f4 Be4+ 48. Bf3 Nb1 49. Bxe4 Nxd2 50. Bxd3 Ke6 51. Kf2
Kd6 52. Ke3 Nxc4+ 53. Bxc4 Kc5 54. f5 Kxc4 55. f6 Kb4 56. f7 Ka3 57. f8=Q+ Kxa2
58. Qb8 1-0

[Event "Mittelfr. EM - Qualifikationsturnier"]
[Site "Büchenbach"]
[Date "2011.04.20"]
[Round "1.2"]
[White "Diebel, Günter"]
[Black "Dittmar, Thomas"]
[Result "0-1"]
[WhiteElo "1704"]
[BlackElo "1974"]
[PlyCount "135"]
[EventDate "2011.??.??"]
[WhiteTeam "SG Büchenbach/Roth e.V."]
[BlackTeam "SF Fürth 1951 e.V."]

1. e4 {[%emt 0:00:00]} c6 {[%emt 0:00:00]} 2. d4 {[%emt 0:00:00]} d5 {
[%emt 0:00:13]} 3. Nc3 {[%emt 0:00:04]} dxe4 {[%emt 0:00:10]} 4. Nxe4 {
[%emt 0:00:01]} Nf6 {[%emt 0:00:11]} 5. Nxf6+ {[%emt 0:00:04]} gxf6 {
[%emt 0:00:00]} 6. Bc4 {[%emt 0:00:00]} Bf5 {[%emt 0:00:00]} 7. c3 {
[%emt 0:00:00]} e6 {[%emt 0:00:08]} 8. Be3 {[%emt 0:00:00]} Bd6 9. Ne2 Nd7 10.
Ng3 Bg6 11. Qb3 Qc7 12. O-O-O h5 13. Rhe1 O-O-O 14. Bd3 Bxd3 15. Rxd3 h4 16.
Ne2 Bxh2 17. c4 c5 18. Qa3 cxd4 19. Bxd4 a6 20. Qe7 Ne5 21. Qxc7+ Kxc7 22. Rh3
Bf4+ 23. Kc2 Bg5 24. b3 Nc6 25. Bc3 e5 26. Reh1 Rhg8 27. g3 hxg3 28. Nxg3 Bf4
29. Ne4 Rg2 30. Rf3 f5 31. Nf6 Kd6 32. Nd5 Bh2 33. Ne3 Rdg8 34. Nxg2 Rxg2 35.
Rxf5 Ke6 36. Rf3 f5 37. Rf1 e4 38. Rh3 Bf4 39. Kd1 Be5 40. Rh6+ Kd7 41. Rxc6
Bxc3 42. Rh6 Bd4 43. Rh7+ Ke6 44. Ke2 b6 45. Rh4 Ke5 46. b4 f4 47. Rh5+ Ke6 48.
Rd5 f3+ 49. Ke1 Bc3+ 50. Kd1 Bxb4 51. Rh5 Bc5 52. Rxc5 bxc5 53. Kd2 Kd6 54. Ke3
a5 55. Rd1+ Kc6 56. Rd5 Rg1 57. Rd2 Re1+ 58. Kf4 Re2 59. Rd1 Rxa2 60. Kxe4 Rxf2
61. Ke3 Rc2 62. Kd3 Ra2 63. Ke3 f2 64. Kd3 a4 65. Rf1 a3 66. Kc3 Rb2 67. Rd1
Re2 68. Rf1 0-1

[Event "Mittelfr. EM - Qualifikationsturnier"]
[Site "Büchenbach"]
[Date "2011.04.20"]
[Round "1.3"]
[White "Lais, Thomas"]
[Black "Burger, Thomas"]
[Result "1-0"]
[WhiteElo "1953"]
[BlackElo "1695"]
[PlyCount "47"]
[EventDate "2011.??.??"]
[WhiteTeam "SW Nürnberg Süd e.V."]
[BlackTeam "SAbt Wolframs-Eschenbach"]

1. e4 {[%emt 0:00:00]} c6 2. d4 d5 3. exd5 cxd5 4. c4 dxc4 5. Bxc4 e6 6. Nf3
Bb4+ 7. Nc3 Nf6 8. O-O O-O 9. a3 Bxc3 10. bxc3 Qc7 11. Qd3 h6 12. Ne5 Nc6 13.
f4 b6 14. Bd2 Bb7 15. Rae1 Nxe5 16. fxe5 Qc6 17. Re2 Ne4 18. Bb5 Qc7 19. Rxe4
Bxe4 20. Qxe4 Qe7 21. Bd3 g6 22. Bxh6 Rfc8 23. Qg4 Kh7 24. Bg5 1-0

[Event "Mittelfr. EM - Qualifikationsturnier"]
[Site "Büchenbach"]
[Date "2011.04.20"]
[Round "1.5"]
[White "Güldner, Udo"]
[Black "Di Bonaventura, Stefan"]
[Result "1-0"]
[WhiteElo "1947"]
[BlackElo "1637"]
[PlyCount "57"]
[EventDate "2011.??.??"]
[WhiteTeam "SC Forchheim e.V."]
[BlackTeam "SG Büchenbach/Roth e.V."]

1. d4 {[%emt 0:00:00]} Nf6 2. Nf3 d5 3. e3 e6 4. Bd3 c5 5. c3 Nc6 6. Nbd2 Bd6
7. O-O O-O 8. Re1 e5 9. dxe5 Nxe5 10. Nxe5 Bxe5 11. Nf3 Bg4 12. Qa4 Bd6 13. c4
Bd7 14. Qd1 dxc4 15. Bxc4 Bg4 16. Qc2 Qc7 17. h3 Bh5 18. b3 Bg6 19. Bd3 Bxd3
20. Qxd3 Rad8 21. Qc2 Rfe8 22. Bb2 Ne4 23. Re2 b6 24. Nd2 Qe7 25. Rd1 Qe6 26.
Nxe4 Qxe4 27. Qxe4 Rxe4 28. Red2 Ree8 29. Rxd6 1-0

[Event "Mittelfr. EM - Qualifikationsturnier"]
[Site "Büchenbach"]
[Date "2011.04.20"]
[Round "1.6"]
[White "Müller, Roland"]
[Black "Vennemann, Jürgen"]
[Result "1-0"]
[WhiteElo "1635"]
[BlackElo "1937"]
[PlyCount "109"]
[EventDate "2011.??.??"]
[WhiteTeam "SV Lauf a.d.P."]
[BlackTeam "SC Hersbruck"]

1. b3 {[%emt 0:00:00]} Nf6 2. Bb2 d5 3. f4 c6 4. e3 Bg4 5. Be2 Bxe2 6. Qxe2
Nbd7 7. Nf3 e6 8. O-O Be7 9. d3 Qb6 10. Re1 Bc5 11. d4 Be7 12. Nbd2 O-O 13. Kh1
Rac8 14. c4 c5 15. Ne5 Rfd8 16. g4 Ne4 17. Nxe4 dxe4 18. Qg2 f5 19. gxf5 Nxe5
20. dxc5 Rxc5 21. Bxe5 Rxe5 22. fxe5 exf5 23. Qc2 Rd3 24. Qf2 g6 25. Rad1 Bb4
26. Rg1 Qxe3 27. Qxf5 Rxd1 28. Qe6+ Kf8 29. Qf6+ Ke8 30. Rxd1 Be7 31. Qf1 Bg5
32. Re1 Qd4 33. e6 Bf6 34. Qe2 Ke7 35. Qxe4 Qb6 36. Qd5 Qc7 37. Rd1 Qc6 38.
Qxc6 bxc6 39. Re1 h6 40. Kg2 Bc3 41. Re2 Bf6 42. h3 Kd6 43. c5+ Ke7 44. Re4 a5
45. Kf3 Bc3 46. Ke3 Bb4 47. Kd4 Ba3 48. Kc4 Bb4 49. Rd4 Kxe6 50. Rd6+ Kf5 51.
Rxc6 h5 52. Rc8 g5 53. Rf8+ Ke4 54. Rg8 Kf4 55. Kd5 1-0

[Event "Mittelfr. EM - Qualifikationsturnier"]
[Site "Büchenbach"]
[Date "2011.04.20"]
[Round "1.7"]
[White "Thürauf, Peter"]
[Black "Sikorsky, Reinhard"]
[Result "1/2-1/2"]
[WhiteElo "1890"]
[BlackElo "1626"]
[PlyCount "42"]
[EventDate "2011.??.??"]
[WhiteTeam "SW Nürnberg Süd e.V."]
[BlackTeam "FC Gunzenhausen 1910 e.V"]

1. d4 {[%emt 0:00:00]} Nf6 {[%emt 0:00:10]} 2. Nf3 g6 3. c4 Bg7 4. g3 O-O 5.
Bg2 d6 6. O-O Nbd7 7. Nc3 c6 8. h3 e5 9. Be3 e4 10. Nd2 d5 11. cxd5 cxd5 12.
Rc1 a6 13. Bf4 Nb6 14. Na4 Nxa4 15. Qxa4 Ne8 16. Qb4 g5 17. Be3 Nd6 18. g4 Re8
19. a4 Be6 20. Qb3 h6 21. f4 exf3 1/2-1/2

[Event "Mittelfr. EM - Qualifikationsturnier"]
[Site "Büchenbach"]
[Date "2011.04.20"]
[Round "1.8"]
[White "Wild, Erwin"]
[Black "Zhao, Kevin"]
[Result "0-1"]
[WhiteElo "1605"]
[BlackElo "1851"]
[PlyCount "73"]
[EventDate "2011.??.??"]
[WhiteTeam "SG Büchenbach/Roth e.V."]
[BlackTeam "SC Erlangen 48/88 e.V."]

1. c4 {[%emt 0:00:00]} e5 2. Nc3 Nf6 3. g3 d5 4. cxd5 Nxd5 5. Bg2 Be6 6. Nf3
Nc6 7. O-O Be7 8. a3 Qd7 9. e4 Nb6 10. Qc2 Bh3 11. b3 Bxg2 12. Kxg2 f6 13. Bb2
g5 14. Rfd1 h5 15. d4 g4 16. Nh4 Nxd4 17. Qb1 Qc6 18. b4 O-O-O 19. Ng6 Rh7 20.
Nxe7+ Rxe7 21. a4 Red7 22. b5 Qe6 23. a5 Nc4 24. b6 cxb6 25. axb6 Qxb6 26. Ra2
Nf3 27. Nd5 Qc5 28. Rc1 Kb8 29. Bc3 h4 30. Nxf6 h3+ 31. Kh1 Rg7 32. Nd5 Rf7 33.
Qc2 Rxd5 34. exd5 Qxd5 35. Bxe5+ Nfxe5+ 36. f3 Rxf3 37. Rd1 0-1

[Event "Mittelfr. EM - Qualifikationsturnier"]
[Site "Büchenbach"]
[Date "2011.04.20"]
[Round "1.9"]
[White "Braun, Michael"]
[Black "Stahl, Peter"]
[Result "1-0"]
[WhiteElo "1849"]
[BlackElo "1600"]
[PlyCount "59"]
[EventDate "2011.??.??"]
[WhiteTeam "SG Büchenbach/Roth e.V."]
[BlackTeam "SAbt Wolframs-Eschenbach"]

1. d4 {[%emt 0:00:00]} Nf6 2. c4 c5 3. Nf3 e6 4. Nc3 cxd4 5. Nxd4 Bb4 6. Qd3
Nc6 7. Bg5 Ne5 8. Qc2 Qa5 9. Bxf6 gxf6 10. e4 Bxc3+ 11. Qxc3 Qxc3+ 12. bxc3 a6
13. Rb1 Rg8 14. c5 Ke7 15. Rb6 Nc6 16. f3 Rg5 17. Nb3 Kd8 18. h4 Rg7 19. Nd4
Kc7 20. Rb2 e5 21. Nf5 Rg8 22. Bc4 d5 23. cxd6+ Kd8 24. Nh6 Rg6 25. Nxf7+ Ke8
26. h5 Rg7 27. Nh6 Rb8 28. Ng8 f5 29. Nf6+ Kd8 30. h6 1-0

[Event "Mittelfr. EM - Qualifikationsturnier"]
[Site "Büchenbach"]
[Date "2011.04.20"]
[Round "1.10"]
[White "Siegl, Melina"]
[Black "Weißmann, Peter"]
[Result "0-1"]
[WhiteElo "1585"]
[BlackElo "1848"]
[PlyCount "64"]
[EventDate "2011.??.??"]
[WhiteTeam "SW Nürnberg Süd e.V."]
[BlackTeam "SK Zirndorf e.V."]

1. e4 {[%emt 0:00:00]} c5 2. Nf3 Nc6 3. d4 cxd4 4. Nxd4 Nf6 5. Nc3 e5 6. Ndb5
d6 7. Nd5 Nxd5 8. exd5 Ne7 9. c4 Ng6 10. Be2 a6 11. Nc3 f5 12. Bh5 Be7 13. Qe2
O-O 14. Bxg6 hxg6 15. Bd2 Bd7 16. f3 Bh4+ 17. g3 Bf6 18. O-O-O b5 19. cxb5 axb5
20. a3 Qb6 21. Na2 e4 22. fxe4 Rfe8 23. Qe3 Qc7+ 24. Kb1 Rxe4 25. Qf3 Rae8 26.
Rhe1 Qb6 27. Qg2 Rxe1 28. Bxe1 Qe3 29. Nb4 f4 30. gxf4 Qxf4 31. Bg3 Qg4 32. Rf1
Re2 0-1

[Event "Mittelfr. EM - Qualifikationsturnier"]
[Site "Büchenbach"]
[Date "2011.04.20"]
[Round "1.11"]
[White "Bruder, Heinz"]
[Black "Münzenberg, Dietrich"]
[Result "1-0"]
[WhiteElo "1840"]
[BlackElo "1575"]
[PlyCount "49"]
[EventDate "2011.??.??"]
[WhiteTeam "SW Nürnberg Süd e.V."]
[BlackTeam "Spvg Zabo-Eintracht Nürnberg e.V"]

1. e4 {[%emt 0:00:00]} c6 2. d4 d5 3. Nc3 dxe4 4. Nxe4 Nd7 5. Nf3 Ngf6 6. Ng3
e6 7. c3 c5 8. Qb3 Qb6 9. Bc4 Qxb3 10. Bxb3 cxd4 11. Nxd4 Nc5 12. Bc2 h6 13.
Nb5 Na6 14. Bf4 Nd5 15. Nd6+ Bxd6 16. Bxd6 Bd7 17. O-O O-O-O 18. Be5 f6 19. Bd4
e5 20. Bxa7 b6 21. Be4 Nac7 22. c4 Kb7 23. cxd5 Kxa7 24. Rfc1 Rhf8 25. Rxc7+
1-0

[Event "Mittelfr. EM - Qualifikationsturnier"]
[Site "Büchenbach"]
[Date "2011.04.20"]
[Round "1.12"]
[White "Andersen, Ernst"]
[Black "Meulner, Fabian"]
[Result "0-1"]
[WhiteElo "1562"]
[BlackElo "1813"]
[PlyCount "62"]
[EventDate "2011.??.??"]
[WhiteTeam "Privatverein Roth e.V."]
[BlackTeam "SW Nürnberg Süd e.V."]

1. e4 {[%emt 0:00:00]} c5 2. Nf3 a6 3. d4 cxd4 4. Nxd4 e5 5. Nb3 Nf6 6. Bd3 Nc6
7. c3 d6 8. N1d2 Be7 9. Nf3 O-O 10. h3 b5 11. Be3 d5 12. Qc2 h6 13. exd5 Nxd5
14. Bc5 f5 15. Bxe7 Qxe7 16. Bf1 Be6 17. g3 Rac8 18. Qe2 e4 19. Nfd4 Ne5 20.
O-O-O Nb4 21. Nxe6 Qxe6 22. Kb1 Nbd3 23. f3 Nxb2 24. Qxb2 Nxf3 25. Bg2 Ne5 26.
Rhe1 Nc4 27. Qc1 b4 28. g4 Na3+ 29. Ka1 Rxc3 30. gxf5 Rxc1+ 31. Rxc1 Qe5+ 0-1

[Event "Mittelfr. EM - Qualifikationsturnier"]
[Site "Büchenbach"]
[Date "2011.04.20"]
[Round "1.13"]
[White "Korth, Manfred"]
[Black "Dreiseitel, Werner"]
[Result "1/2-1/2"]
[WhiteElo "1812"]
[BlackElo "1523"]
[PlyCount "56"]
[EventDate "2011.??.??"]
[WhiteTeam "SC Heideck-Hilpoltstein"]
[BlackTeam "SC Noris-Tarrasch Nürnberg 1873"]

1. Nf3 {[%emt 0:00:00]} Nf6 2. g3 d5 3. Bg2 c6 4. d3 Bf5 5. Nbd2 e6 6. O-O Bc5
7. Qe1 h6 8. e4 dxe4 9. dxe4 Bh7 10. Qe2 O-O 11. e5 Nd5 12. Ne4 Bxe4 13. Qxe4
Qc7 14. c4 Ne7 15. h4 Nd7 16. h5 Rad8 17. Bf4 a6 18. g4 Rfe8 19. g5 Nf5 20. Bh3
hxg5 21. Nxg5 Be7 22. Bxf5 exf5 23. Qxf5 Bxg5 24. Qxg5 Nxe5 25. Qg3 f6 26. Kh1
Qf7 27. h6 g5 28. Bxe5 Rxe5 1/2-1/2

[Event "Mittelfr. EM - Qualifikationsturnier"]
[Site "Büchenbach"]
[Date "2011.04.20"]
[Round "1.14"]
[White "Dreiseitel, Ursula"]
[Black "Dürr, Florian"]
[Result "0-1"]
[WhiteElo "1509"]
[BlackElo "1811"]
[PlyCount "70"]
[EventDate "2011.??.??"]
[WhiteTeam "SC Noris-Tarrasch Nürnberg 1873"]
[BlackTeam "SC Erlangen 48/88 e.V."]

1. d4 {[%emt 0:00:00]} e6 2. c4 Bb4+ 3. Nc3 f5 4. Nf3 Nf6 5. Bg5 b6 6. e3 Bb7
7. Be2 O-O 8. O-O d6 9. Rc1 Bxc3 10. Rxc3 Nbd7 11. b4 h6 12. Bxf6 Qxf6 13. c5
bxc5 14. bxc5 dxc5 15. Qc2 Be4 16. Qd2 Rfd8 17. Rfc1 c6 18. dxc5 Nxc5 19. Qe1
Na4 20. Rc4 Nb6 21. Rc5 Nd7 22. R5c3 Rac8 23. Nd2 Bd5 24. Nb3 e5 25. f3 Nb6 26.
e4 Bxb3 27. axb3 f4 28. Qf2 Rd2 29. Bc4+ Nxc4 30. Qxa7 Ne3 31. Rxe3 fxe3 32.
Qxe3 Qg5 33. Qxg5 hxg5 34. Rc5 Ra8 35. h3 Raa2 0-1

[Event "Mittelfr. EM - Qualifikationsturnier"]
[Site "Büchenbach"]
[Date "2011.04.20"]
[Round "1.15"]
[White "Mösl, Sebastian"]
[Black "Hollmann, Thomas"]
[Result "1-0"]
[WhiteElo "1793"]
[BlackElo "1441"]
[PlyCount "61"]
[EventDate "2011.??.??"]
[WhiteTeam "SK Neumarkt e.V."]
[BlackTeam "SG Büchenbach/Roth e.V."]

1. e4 e6 2. d4 d5 3. exd5 exd5 4. Bd3 Bd6 5. Nc3 Ne7 6. Nge2 Nbc6 7. Bg5 f6 8.
Bh4 O-O 9. Bg3 Be6 10. Nb5 Bxg3 11. hxg3 a6 12. Bxh7+ Kf7 13. Nf4 Bf5 14. Bxf5
Nxf5 15. Qh5+ Ke7 16. Qxf5 Qe8 17. Nxc7 Nxd4 18. Qd3 Qa4 19. Nfxd5+ Kf7 20. O-O
Rae8 21. Nxe8 Rxe8 22. Ne3 Rd8 23. Rfd1 Nf3+ 24. gxf3 Rxd3 25. Rxd3 Qb5 26. b3
Qc6 27. Kg2 Kg6 28. Rad1 Qb5 29. c4 Qa5 30. R1d2 Kg5 31. Rd5+ 1-0

[Event "Mittelfr. EM - Qualifikationsturnier"]
[Site "Büchenbach"]
[Date "2011.04.20"]
[Round "1.16"]
[White "Tong, Kevin"]
[Black "Babichev, Vyacheslav"]
[Result "0-1"]
[WhiteElo "1432"]
[BlackElo "1786"]
[PlyCount "56"]
[EventDate "2011.??.??"]
[WhiteTeam "SC Erlangen 48/88 e.V."]
[BlackTeam "SW Nürnberg Süd e.V."]

1. e4 {[%emt 0:00:00]} d6 2. d4 Nf6 3. Nc3 g6 4. Be2 Bg7 5. Be3 O-O 6. Qd2 c6
7. f3 Qc7 8. O-O-O b5 9. Bd3 Nbd7 10. h4 Nb6 11. g4 h5 12. gxh5 Nxh5 13. Nge2
Nc4 14. Bxc4 bxc4 15. Nf4 Nxf4 16. Bxf4 e5 17. Be3 f5 18. Rdg1 f4 19. Bf2 Rf6
20. h5 gxh5 21. Rxh5 Rf7 22. Qe1 Rb8 23. Nd1 Be6 24. c3 Qa5 25. Kb1 Rbb7 26.
Qd2 a6 27. Qc2 Bc8 28. Rhg5 Bh3 0-1

[Event "Mittelfr. EM - Qualifikationsturnier"]
[Site "Büchenbach"]
[Date "2011.04.20"]
[Round "1.17"]
[White "Ruderer, Thomas"]
[Black "Kellmann, Andreas"]
[Result "1-0"]
[WhiteElo "1778"]
[BlackElo "1396"]
[PlyCount "63"]
[EventDate "2011.??.??"]
[WhiteTeam "SC Heideck-Hilpoltstein"]
[BlackTeam "SG Büchenbach/Roth e.V."]

1. e4 {[%emt 0:00:00]} e6 2. d4 d5 3. Nd2 Nf6 4. e5 Nfd7 5. Bd3 c5 6. c3 Qb6 7.
Ne2 Nc6 8. Nf3 Be7 9. O-O f6 10. dxc5 Bxc5 11. exf6 Nxf6 12. b4 Bd6 13. Be3 Qc7
14. h3 e5 15. Bc2 h6 16. Bg6+ Kd8 17. Qb3 Ne7 18. Nh4 Rg8 19. f4 exf4 20. Bxf4
Nxg6 21. Nxg6 Qf7 22. Bxd6 Qxg6 23. c4 Ne8 24. Bh2 Qe4 25. Rad1 Nf6 26. Rfe1
Be6 27. Nf4 Qf5 28. Nxe6+ Kc8 29. cxd5 b6 30. Qc4+ Kb7 31. Qc6+ Ka6 32. Nc5#
1-0

[Event "Mittelfr. EM - Qualifikationsturnier"]
[Site "Büchenbach"]
[Date "2011.04.20"]
[Round "1.18"]
[White "Siegl, Adrian"]
[Black "Müller, Maximilian"]
[Result "0-1"]
[WhiteElo "1383"]
[BlackElo "1775"]
[PlyCount "76"]
[EventDate "2011.??.??"]
[WhiteTeam "SW Nürnberg Süd e.V."]
[BlackTeam "SG Büchenbach/Roth e.V."]

1. e4 {[%emt 0:00:00]} e5 2. f4 d5 3. exd5 e4 4. d3 Nf6 5. Nc3 Bb4 6. Bd2 Qe7
7. Qe2 Bg4 8. Qe3 Bc5 9. d4 Bb4 10. h3 Bd7 11. a3 Bxc3 12. Qxc3 Nxd5 13. Qb3
Bc6 14. Bc4 Nb6 15. Be3 Qh4+ 16. Kd2 O-O 17. Ne2 Qh5 18. g4 Qa5+ 19. Nc3 N8d7
20. h4 Nf6 21. g5 Nfd5 22. h5 Rad8 23. g6 Nxe3 24. Bxf7+ Kh8 25. Kxe3 Nd5+ 26.
Nxd5 Bxd5 27. Bxd5 Rxd5 28. gxh7 Rxd4 29. Kxd4 Qd2+ 30. Kc4 Rf6 31. Qxb7 Qxc2+
32. Kd4 Qd3+ 33. Kc5 Rf5+ 34. Kb4 a5+ 35. Ka4 Qc4+ 36. Qb4 axb4 37. axb4 Rf6
38. b3 Ra6# 0-1

[Event "Mittelfr. EM - Qualifikationsturnier"]
[Site "Büchenbach"]
[Date "2011.04.20"]
[Round "1.20"]
[White "Lutter, Maximilian"]
[Black "Diller, Daniel"]
[Result "0-1"]
[WhiteElo "1271"]
[BlackElo "1759"]
[PlyCount "28"]
[EventDate "2011.??.??"]
[WhiteTeam "SK Neumarkt e.V."]
[BlackTeam "SC Erlangen 48/88 e.V."]

1. e4 {[%emt 0:00:00]} e6 2. d4 d5 3. Nc3 Bb4 4. e5 c5 5. a3 Bxc3+ 6. bxc3 Ne7
7. Qg4 cxd4 8. cxd4 Qc7 9. Qxg7 Rg8 10. Qxh7 Qc3+ 11. Bd2 Qxa1+ 12. Ke2 Qxd4
13. Nf3 Qe4+ 14. Qxe4 dxe4 0-1

[Event "Mittelfr. EM - Qualifikationsturnier"]
[Site "Büchenbach"]
[Date "2011.04.20"]
[Round "1.21"]
[White "Walch, Roger"]
[Black "Gottlieb, Michael"]
[Result "0-1"]
[WhiteElo "1747"]
[BlackElo "1217"]
[PlyCount "38"]
[EventDate "2011.??.??"]
[WhiteTeam "SW Nürnberg Süd e.V."]
[BlackTeam "SC Postbauer-Heng e.V"]

1. e4 e5 2. Nc3 Nc6 3. Bc4 Nf6 4. f4 d6 5. Nf3 Be7 6. O-O O-O 7. f5 b6 8. a3
Bb7 9. d3 Re8 10. h3 h6 11. g4 Na5 12. Ba2 d5 13. g5 Bc5+ 14. Kh2 dxe4 15. b4
exf3 16. gxf6 Bd4 17. Bd2 e4 18. Nxe4 Bxe4 19. c3 Qd6+ 0-1

[Event "Mittelfr. EM - Qualifikationsturnier"]
[Site "Büchenbach"]
[Date "2011.04.20"]
[Round "1.22"]
[White "Stefan, Sebastian"]
[Black "Bayer, Rolf"]
[Result "0-1"]
[WhiteElo "1176"]
[BlackElo "1718"]
[PlyCount "52"]
[EventDate "2011.??.??"]
[WhiteTeam "SG Büchenbach/Roth e.V."]
[BlackTeam "SC Noris-Tarrasch Nürnberg 1873"]

1. d4 e5 2. Nf3 exd4 3. Nxd4 Nf6 4. Bg5 h6 5. Bh4 Qe7 6. Nc3 d6 7. Ndb5 g5 8.
Bg3 a6 9. Nd4 Bg7 10. e3 Ne4 11. Nd5 Qd8 12. Be2 c6 13. Nc3 Nxc3 14. bxc3 c5
15. Nb3 Bxc3+ 16. Nd2 Bxa1 17. Qxa1 O-O 18. f4 Nc6 19. O-O Qe7 20. Nc4 b5 21.
Nb6 Qxe3+ 22. Bf2 Qxe2 23. Nxa8 gxf4 24. Qf6 Qg4 25. Qxd6 Bb7 26. Qxc5 Rxa8 0-1

[Event "Mittelfr. EM - Qualifikationsturnier"]
[Site "Büchenbach"]
[Date "2011.04.20"]
[Round "1.23"]
[White "Zedlitz, Friedemann"]
[Black "Drechsel, Simon"]
[Result "1-0"]
[WhiteElo "1715"]
[BlackElo "1202"]
[PlyCount "39"]
[EventDate "2011.??.??"]
[WhiteTeam "SG Büchenbach/Roth e.V."]
[BlackTeam "SK Neumarkt e.V."]

1. e4 Nf6 2. e5 Nd5 3. d4 d6 4. c4 Nb6 5. f4 e6 6. Nf3 c5 7. dxc5 dxc5 8. Qxd8+
Kxd8 9. a4 f6 10. Nc3 Nc6 11. Be3 Nd7 12. O-O-O Ke8 13. Nb5 Kf7 14. Be2 fxe5
15. Ng5+ Kg6 16. h3 exf4 17. Bxf4 a5 18. Bd3+ Kf6 19. Be3 Nb6 20. Rhf1+ 1-0

[Event "Mittelfr. EM - Qualifikationsturnier"]
[Site "Büchenbach"]
[Date "2011.04.20"]
[Round "2.1"]
[White "Dürr, Florian"]
[Black "Bildt, Thomas"]
[Result "0-1"]
[WhiteElo "1811"]
[BlackElo "1996"]
[PlyCount "136"]
[EventDate "2011.??.??"]
[WhiteTeam "SC Erlangen 48/88 e.V."]
[BlackTeam "SK Zirndorf e.V."]

1. e4 e5 2. Nf3 Nc6 3. Bb5 a6 4. Ba4 d6 5. O-O Bg4 6. c3 Qf6 7. Bxc6+ bxc6 8.
Qa4 Ne7 9. d4 Bxf3 10. gxf3 exd4 11. cxd4 Qxf3 12. Nd2 Qg4+ 13. Kh1 g6 14. f3
Qd7 15. Nc4 Bg7 16. Be3 O-O 17. Rac1 f5 18. Na5 fxe4 19. fxe4 Qh3 20. Qb3+ Kh8
21. Rxf8+ Rxf8 22. Bg1 Qg4 23. Re1 Rf3 24. Qc2 Qh4 25. Qe2 Rf4 26. Nb3 d5 27.
exd5 Nxd5 28. Nc5 Rf7 29. Ne6 Re7 30. Qf2 Bf6 31. Qxh4 Bxh4 32. Re4 Kg8 33.
Rxh4 Rxe6 34. Rh3 Re2 35. Ra3 Rxb2 36. Rxa6 Rb6 37. Rxb6 cxb6 38. Kg2 Nc3 39.
Be3 Nxa2 40. Bd2 b5 41. Kf3 b4 42. Ke4 Kf7 43. Kd3 Nc3 44. Kc4 Ke6 45. Kxb4 Ne4
46. Be3 Kd5 47. h4 Nd6 48. Kc3 Ke4 49. Bf2 h6 50. Kb4 Kd5 51. Kb3 Nb5 52. Kc2
Nxd4+ 53. Kd3 Nf5 54. Be1 c5 55. Bf2 c4+ 56. Kc3 g5 57. hxg5 hxg5 58. Kd2 g4
59. Ke2 Ke4 60. Be1 g3 61. Kd2 g2 62. Bf2 Kf3 63. Bg1 Ng3 64. Bb6 Ne4+ 65. Ke1
c3 66. Bg1 c2 67. Be3 c1=Q+ 68. Bxc1 g1=Q# 0-1

[Event "Mittelfr. EM - Qualifikationsturnier"]
[Site "Büchenbach"]
[Date "2011.04.20"]
[Round "2.2"]
[White "Dittmar, Thomas"]
[Black "Mösl, Sebastian"]
[Result "1/2-1/2"]
[WhiteElo "1974"]
[BlackElo "1793"]
[PlyCount "69"]
[EventDate "2011.??.??"]
[WhiteTeam "SF Fürth 1951 e.V."]
[BlackTeam "SK Neumarkt e.V."]

1. d4 Nf6 2. Nf3 d6 3. c4 g6 4. Nc3 Bg7 5. e4 O-O 6. Be2 e5 7. d5 Nbd7 8. Bg5
a6 9. Nd2 h6 10. Be3 Nh7 11. g4 Nb6 12. b4 f5 13. gxf5 gxf5 14. f3 f4 15. Bf2
Kh8 16. c5 Nd7 17. Nc4 Ndf6 18. cxd6 cxd6 19. Nb6 Rb8 20. Rc1 Ng5 21. Nxc8 Rxc8
22. h4 Ngh7 23. Na4 Rf7 24. Bb6 Rxc1 25. Qxc1 Qd7 26. Nb2 Nh5 27. a4 Ng3 28.
Rh2 Bf8 29. Bd3 Rg7 30. b5 axb5 31. Bxb5 Qf7 32. Qc8 Qh5 33. Kf2 Qg6 34. Ke1
Qh5 35. Kf2 1/2-1/2

[Event "Mittelfr. EM - Qualifikationsturnier"]
[Site "Büchenbach"]
[Date "2011.04.20"]
[Round "2.3"]
[White "Babichev, Vyacheslav"]
[Black "Lais, Thomas"]
[Result "0-1"]
[WhiteElo "1786"]
[BlackElo "1953"]
[PlyCount "96"]
[EventDate "2011.??.??"]
[WhiteTeam "SW Nürnberg Süd e.V."]
[BlackTeam "SW Nürnberg Süd e.V."]

1. b3 e5 2. Bb2 d6 3. e3 Nf6 4. d3 Be7 5. c4 O-O 6. Nc3 c6 7. Be2 d5 8. Nf3 d4
9. Nb1 Qa5+ 10. Nbd2 dxe3 11. fxe3 Ng4 12. Qc1 Qb6 13. Nf1 Nd7 14. Bc3 e4 15.
Nd4 Nc5 16. b4 Nxd3+ 17. Bxd3 exd3 18. c5 Qc7 19. Qd2 Ne5 20. Qf2 Bf6 21. Nd2
Ng4 22. Qg3 Qxg3+ 23. hxg3 Nxe3 24. Ne4 Bxd4 25. Bxd4 Nc2+ 26. Kd2 Nxa1 27.
Bxa1 b6 28. Nd6 bxc5 29. bxc5 Be6 30. a4 Rab8 31. Bc3 Rb3 32. Ra1 Rfb8 33. Kxd3
Rb1 34. Ra3 R8b3 35. Rxb3 Rxb3 36. Kc2 Ra3 37. a5 Ra2+ 38. Kd3 Rxg2 39. Be5 f6
40. Bf4 g5 41. Be3 Rxg3 42. Ne4 Bf5 43. Kd4 Bxe4 44. Kxe4 Rxe3+ 45. Kxe3 Kf7
46. Kd4 Ke6 47. Ke4 f5+ 48. Kd4 h5 0-1

[Event "Mittelfr. EM - Qualifikationsturnier"]
[Site "Büchenbach"]
[Date "2011.04.20"]
[Round "2.4"]
[White "Dietrich, Jochen"]
[Black "Ruderer, Thomas"]
[Result "1/2-1/2"]
[WhiteElo "1953"]
[BlackElo "1778"]
[PlyCount "78"]
[EventDate "2011.??.??"]
[WhiteTeam "SG Büchenbach/Roth e.V."]
[BlackTeam "SC Heideck-Hilpoltstein"]

1. e4 e6 2. d3 d5 3. Nd2 Nf6 4. Ngf3 Be7 5. g3 b6 6. Bg2 Bb7 7. Qe2 c5 8. O-O
O-O 9. e5 Nfd7 10. Re1 Nc6 11. c3 Qc7 12. Nf1 Rac8 13. h4 d4 14. c4 Rfe8 15.
N1h2 f5 16. exf6 Bxf6 17. g4 Be5 18. Nxe5 Ncxe5 19. Bf4 Bxg2 20. Kxg2 Qb7+ 21.
Kg1 Ng6 22. Bg3 Ngf8 23. Nf3 a6 24. a4 b5 25. axb5 axb5 26. b3 Ra8 27. Nd2 Rxa1
28. Rxa1 e5 29. f4 Ra8 30. Rxa8 Qxa8 31. f5 g6 32. fxg6 Nxg6 33. h5 Ngf8 34.
Nf3 bxc4 35. bxc4 e4 36. Qxe4 Qxe4 37. dxe4 Nf6 38. Bd6 Nxe4 39. Bxf8 Kxf8
1/2-1/2

[Event "Mittelfr. EM - Qualifikationsturnier"]
[Site "Büchenbach"]
[Date "2011.04.20"]
[Round "2.5"]
[White "Müller, Maximilian"]
[Black "Güldner, Udo"]
[Result "0-1"]
[WhiteElo "1775"]
[BlackElo "1947"]
[PlyCount "98"]
[EventDate "2011.??.??"]
[WhiteTeam "SG Büchenbach/Roth e.V."]
[BlackTeam "SC Forchheim e.V."]

1. e4 c5 2. Nf3 d6 3. Nc3 Nc6 4. Bb5 Bd7 5. d4 cxd4 6. Nxd4 g6 7. Be3 Bg7 8.
Qd2 h5 9. O-O-O Nf6 10. f3 a6 11. Be2 Rc8 12. Kb1 Ne5 13. Bg5 Nc4 14. Bxc4 Rxc4
15. Qe2 Rc5 16. Be3 Rc8 17. Nb3 O-O 18. Bd4 b5 19. Qf2 Rc4 20. Nd5 Nxd5 21.
Bxg7 Kxg7 22. Rxd5 Qc7 23. Rhd1 Be6 24. R5d4 Rc8 25. Rxc4 Bxc4 26. Qd4+ f6 27.
Nc1 a5 28. g4 hxg4 29. fxg4 Be6 30. Rd2 Bxg4 31. Qd3 b4 32. Rg2 Be6 33. Ne2 Qc4
34. Nf4 Bf7 35. b3 Qxd3 36. cxd3 g5 37. h4 e5 38. Nh3 Be6 39. Nf2 Kg6 40. hxg5
fxg5 41. Nd1 g4 42. Ne3 Kg5 43. Nc4 Bxc4 44. bxc4 Kf4 45. Kc2 Kf3 46. Rg1 g3
47. Kd2 Kf2 48. Rh1 g2 49. Rh5 Rf8 0-1